Rain harvesting and water conservation / (Record no. 147953)

MARC details
000 -LEADER
fixed length control field 00513nam a22001817a 4500
005 - DATE AND TIME OF LATEST TRANSACTION
control field 20171212113027.0
010 ## - LCCN (DPL NO)
LC control number ENG-121841
020 ## - INTERNATIONAL STANDARD BOOK NUMBER
International Standard Book Number 9788192557182
Terms of availability 700.00
035 ## - SYSTEM CONTROL NUMBER
System control number EN-105373
037 ## - SOURCE OF ACQUISITION
Source of stock number/acquisition DBAD/PUB
082 ## - DEWEY DECIMAL CLASSIFICATION NUMBER
Classification number 628.13
100 ## - MAIN ENTRY--PERSONAL NAME
Personal name Jha,N.N
245 ## - TITLE STATEMENT
Title Rain harvesting and water conservation /
Remainder of title by N.N.Jha
260 ## - PUBLICATION, DISTRIBUTION, ETC. (IMPRINT)
Place of publication, distribution, etc Allahabad
Name of publisher, distributor, etc Anurag Publication
Date of publication, distribution, etc 2016
270 ## - ADDRESS
Address 116/70 Lukerganj
City Allahabad
Postal code 211001
300 ## - PHYSICAL DESCRIPTION
Extent 256p.
Dimensions 22cm(Hb)
942 ## - ADDED ENTRY ELEMENTS (KOHA)
Source of classification or shelving scheme Dewey Decimal Classification
Item type English Books
Classification part 628.13
Call number suffix JHA
Holdings
Withdrawn status Lost status Not for loan Collection code Home library Current library Date acquired Source of acquisition Cost, normal purchase price Full call number Barcode Copy number Cost, replacement price Koha item type
    Not For Loan Non-fiction D.B.Act.Division Bawana 12/12/2017 DBAD/PUB 700.00 628.13 JHA EN-105373 1 700.00 English Books

© Delhi Public Library
Hit Counter
free hit counter